A special progress report

Đã lưu trong:
Sonraí Bibleagrafaíochta
Formáid: Leabhar
Teanga:Undetermined
Foilsithe: 1980
Ábhair:
Clibeanna: Cuir Clib Leis
Gan Chlibeanna, Bí ar an gcéad duine leis an taifead seo a chlibeáil!
Thư viện lưu trữ: Trung tâm Học liệu Trường Đại học Cần Thơ
LEADER 00385nam a2200145Ia 4500
001 CTU_96802
008 210402s9999 xx 000 0 und d
082 |a 380.1 
082 |b S741 
245 2 |a A special progress report 
245 0 |c U. S.- Japan trade study group 
260 |c 1980 
650 |a Commerce 
904 |i M.Loan 
980 |a Trung tâm Học liệu Trường Đại học Cần Thơ